How well do you know the USA? - Statistics

General Stats
  • This quiz has been taken 86 times
  • The average score is 9 of 10
Answer Stats
Question Answer % Correct
How many states are there? 50
100%
What is the capital of the USA? Washington D.C.
100%
What US state is an island? Hawaii
99%
What is the biggest US state? Alaska
97%
What is the smallest US state? Rhode Island
95%
What country did the US declare peace from in 1783? United Kingdom
95%
What was the first Big 4 sport in the United States? Baseball
85%
What war did the US fight against the Soviet Union? (USSR) Cold War
83%
What US state was the most presidents born in? Virginia
75%
What American astronaut is known for going with Neal Armstrong to the moon? Buzz Aldrin
72%
No matching quizzes found
Score Distribution
Percent of People with Each Score
Percentile by Number Answered
Your Score History
You have not taken this quiz